000 01018nam a22002297a 4500
003 OSt
005 20250924193154.0
008 240830b ||||| |||| 00| 0 eng d
040 _c0
082 _aDPer 647.94068 In821 January-December 2019 v. 20 n. 1-4
100 _aKim, MiRan.
_eauthor.
_959630
245 _aKey managerial and financial accounting skills for private club managers :
_bcomparison to lodging managers /
_cMiRan Kim and Raymond S. Schmidgall.
260 _aUnited Kingdom ;
_bTaylor & Francis Group ,
_cOctober-December 2019.
300 _aVolume 23, pages 379-399 :
_billustration ;
_c25 cm.
500 _aInternational Journal of Hospitality & Tourism Administration, vol. 20, no. 4, pages 379-399, October-December 2019.
650 0 _a Financial and managerial accounting skills.
_964791
650 0 _aHospitality education.
_964792
650 0 _aPrivate club industry.
_964793
700 _aKim, MiRan.
_eauthor.
_959630
700 _aSchmidgall, Raymond S.
_eauthor.
_959632
942 _2ddc
_cPER
999 _c21127
_d21127